000 00784cab a2200193 4500
001 WB2236-60
008 090401t1986 xxu||||| |||| 00| 0 eng d
035 _a(Sirsi) u65042
041 _aeng
245 _aPotato merchants escape roasting
260 _c1986
350 _a0
490 _aChartered Surveyor Weekly
_vvol 16 no 10 11/9/86 p736
520 _aReports on the case Marson (Inspector of Taxes) v Morton ChD 31 July 1986 in which a potato merchant and his three brothers who had purchased a piece of land for 65,000 pounds and resold it three months later for 100,000, appealed successfully against an income tax assessment on the basis that they had been dealing in land.
650 _aSCHEDULE D CASE 1
690 _aTAXATION
942 _n0
948 _c04/03/1997
999 _c40539
_d40539